Televisio-ohjelmia kirjaimittain - B - Statistics

Yleistilastot
  • Tätä visaa on pelattu 17 kertaa
  • Keskiarvotulos 3 / 12
Vastaustilastot
Henkilöhahmoja sarjassa Maa Esitysvuosi Vastaus % Oikein
Hank Schrader, Saul Goodman, Skyler White Yhdysvallat 2008-2013 Breaking bad
67%
Hannu Hurmala, Liisa Tähtinen, Margit Haukkamaa Suomi 1994-1995 Blondi tuli taloon
47%
Mitch Buchannon, Shauni McClain, Craig Pomeroy Yhdysvallat 1989-2001 Baywatch
40%
Hop Sing, Ben Cartwright, Eric "Hoss" Cartwright Yhdysvallat 1959-1973 Bonanza
40%
Lady Danbury, Marina Thompson, Cressida Cowper Yhdysvallat 2020- Bridgerton
33%
Brandon Walsh, Kelly Taylor, Dylan McKay Yhdysvallat 1990-2000 Beverly Hills 90210
27%
Temperance Brennan, Angela Montenegro, Daniel Goodman Yhdysvallat 2005-2017 Bones
20%
Raymond Reddington, Aram Mojtabai, Dembe Zuma Yhdysvallat 2013-2023 Blacklist
13%
Eddie Janko, Danny Reagan, Maria Baez Yhdysvallat 2010- Blue Bloods
7%
Denny Crane, Alan Shore, Shirley Schmidt Yhdysvallat 2004-2008 Boston Legal
7%
Rupert Giles, Willow Rosenberg, Xander Harris Yhdysvallat 1997-2003 Buffy, vampyyrintappaja
7%
Kurt Weller, Bethany Mayfair, Nas Kamal Yhdysvallat 2015-2020 Blindspot
0%
Ehtoja vastaavia visoja ei löytynyt
Tulosjakauma
Jokaisen tuloksen saaneiden osuus
Persentiili vastausten määrän mukaan
Tuloshistoriasi
Et ole pelannut tätä visaa